[Event "80th Tata Steel Challengers 2018"]
[Site "Wijk aan Zee"]
[Date "2018.01.19"]
[Round "6"]
[White "Korobov, Anton"]
[Black "Tari, Aryan"]
[Result "1-0"]
[WhiteElo "2652"]
[BlackElo "2599"]
[Annotator "TA"]
[PlyCount "81"]
[EventDate "2018.??.??"]
[EventType "tourn"]
[EventCountry "NED"]
[SourceTitle "playchess.com"]
[Source "ChessBase"]
[SourceQuality "1"]

{[%evp 17,81,0,0,-10,14,16,16,12,13,11,16,13,14,8,8,8,8,6,32,30,30,26,33,17,118,110,115,108,109,106,110,109,112,112,110,110,141,141,207,207,205,205,205,205,205,203,239,239,381,362,435,435,632,435,435,435,435,435,849,588,591,588,572,561,548,458]} 1. d4 Nf6 {[%cal Bg8f6,Bf6d7,Bd7b6][%mdl 32]} 2. c4 g6 3. g3 c6 4. Bg2 d5 5. Qa4 (5. Nf3 Bg7 6. Qb3 O-O 7. O-O Qb6 8. Nc3 Rd8 9. h3 Bf5 10. Bf4 Na6 11. Qxb6 axb6 12. cxd5 Nxd5 13. Nxd5 Rxd5 14. Be5 Bxe5 15. dxe5 Be4 16. Rfd1 Bxf3 17. Bxf3 Rxe5 {0-1 (68) Li,C (2732)-Vachier Lagrave,M (2789) Riadh 2017}) 5... Nfd7 6. cxd5 {D71: Fianchetto Grünfeld: 3 g3 d5 sidelines and 5 cxd5 (without Nf3)} Nb6 7. Qd1 cxd5 8. Nc3 Nc6 9. e3 Bf5 {LiveBook: 3 Games} 10. Nh3 $146 (10. Nge2 {is interesting.} h5 11. h3 Nb4 12. O-O Bc2 13. Qe1) ({Predecessor:} 10. Nge2 Nb4 11. O-O Bc2 12. Qe1 Bf5 13. Qd1 Bc2 14. Qe1 Bf5 15. Qd1 {½-½ (15) Vidit,S (2669)-Van Wely,L (2674) Baku 2016}) 10... Bxh3 (10... h5 {seems wilder.} 11. Nf4 e6 12. h3 Bb4 13. O-O Kf8) 11. Bxh3 Bg7 12. O-O O-O 13. b3 e6 14. Bb2 Nc8 15. Qe2 Nd6 16. Rfc1 Rc8 17. Na4 b6 18. Ba3 Re8 19. Nc3 Bf8 20. Qa6 Rc7 (20... Nb8 $11 21. Qd3 (21. Qxa7 $2 Rxc3 22. Bf1 Rc6 $19) 21... Qf6) 21. Bxd6 $1 $16 Bxd6 22. Nb5 Nb8 23. Qa4 Rxc1+ 24. Rxc1 Re7 25. Nxa7 Rc7 26. Rxc7 Qxc7 27. Nb5 $36 {[%mdl 2048] White is on the roll.} Qc1+ (27... Qc6 $16 28. Nxd6 Qxd6) 28. Bf1 $1 $18 Bf8 29. Qa7 $1 {[%cal Ra7b8]} Nc6 {[#]} 30. Qc7 $1 {Hoping for Na7.} Qc2 {[#]} 31. a3 $1 ({But not} 31. Qxb6 $6 Bb4 $16) 31... h5 32. h4 Be7 (32... Nxd4 $142 33. exd4 Qxc7 34. Nxc7 Bxa3) 33. b4 ({Don't play} 33. Na7 Nxd4 34. Qb8+ (34. Qxe7 Nf3+ 35. Kg2 Ne1+ 36. Kg1 Nf3+ 37. Kg2 Ne1+ 38. Kg1 Nf3+ $11) 34... Kg7 $18) 33... Bd8 34. Qd7 {White is clearly winning.} Kg7 (34... Be7 $142 35. Qc8+ Kh7) 35. Nc7 Bxc7 36. Qxc7 Qa4 37. Qxb6 Ne7 (37... Qxa3 $142 38. Qxc6 Qxb4) 38. Qc5 Ng8 39. b5 {b6 is the strong threat.} Nf6 40. f3 Nd7 41. Qd6 {Precision: White = 80%, Black = 57%.} 1-0

[Event "80th Tata Steel Challengers 2018"]
[Site "Wijk aan Zee"]
[Date "2018.01.19"]
[Round "6"]
[White "Bluebaum, Matthias"]
[Black "Amin, Bassem"]
[Result "1/2-1/2"]
[WhiteElo "2640"]
[BlackElo "2693"]
[Annotator "TA"]
[PlyCount "131"]
[EventDate "2018.??.??"]
[EventType "tourn"]
[EventCountry "NED"]
[SourceTitle "playchess.com"]
[Source "ChessBase"]
[SourceQuality "1"]

{[%evp 21,131,51,67,52,61,35,53,49,44,37,55,54,76,19,47,-31,-22,-15,-16,-8,-27,-39,-32,-36,-25,-22,-20,-13,-8,-17,-7,-27,-22,-22,-35,-23,-28,-27,-27,-49,-16,-26,-29,-23,0,0,0,-266,-258,-255,-241,-239,-204,-188,-12,-12,-11,-11,-15,-18,-10,-89,-85,-110,-118,-179,0,0,0,-18,0,-4,0,0,0,0,0,0,0,0,0,0,0,0,0,0,0,-11,0,0,0,0,26,22,115,114,95,0,0,0,45,36,25,17,22,0,0,0,8,0,0,0]} 1. d4 Nf6 2. c4 g6 3. Nc3 Bg7 4. e4 d6 5. h3 O-O 6. Be3 c5 7. Nf3 cxd4 8. Nxd4 b6 {E90: King's Indian: Classical: Early deviations and 6 h3} (8... Nc6 9. Be2 Nxd4 10. Bxd4 Bd7 11. O-O a5 12. Qc2 Bc6 13. Rad1 Nd7 14. Bxg7 Kxg7 15. Bg4 Nf6 16. e5 Nxg4 17. hxg4 {½-½ (36) Andreikin,D (2737)-Mamedov,R (2688) Tallinn 2016}) 9. g3 Bb7 10. Bg2 Nbd7 11. O-O Rb8 {LiveBook: 4 Games} 12. Qc2 a6 13. Rad1 {[#]} e6 $146 ({Predecessor:} 13... Ba8 14. a4 e6 15. b3 Qe7 16. Qb1 {½-½ (95) Tihonov,J (2469)-Zhigalko,A (2591) Minsk 2010}) 14. Rfe1 Qe7 15. Qd2 Rfc8 16. b3 Ba8 17. Nde2 (17. Rc1 $16) 17... Ne8 18. Bh6 (18. a4 $14) 18... Bxh6 $15 19. Qxh6 b5 20. cxb5 axb5 21. Qe3 b4 22. Na4 {[%cal Bc3a4,Ba4b2,Bb2c4][%mdl 32]} e5 23. Nc1 Nc5 24. Nb2 Nf6 {[%cal Be8f6,Bf6d5,Bd5c3,Bc3e4][%mdl 32]} 25. f3 $1 Ncd7 26. Nc4 d5 27. exd5 Nxd5 28. Qf2 Nc3 $36 {[%mdl 2048] Black fights for an advantage.} 29. Rd2 Bd5 30. Nxe5 Nxe5 31. f4 $1 Bxg2 32. Rxe5 Qxe5 33. fxe5 Ne4 34. Qa7 $2 {[%mdl 8192]} (34. Qf4 $11 Nxd2 35. e6 (35. Kxg2 Rc2 $15)) 34... Bf3 $19 ({Worse is} 34... Nxd2 35. Kxg2 Ne4 36. Nd3 $11) (34... Bxh3 35. Rb2 $11) 35. Nd3 Nxd2 36. e6 fxe6 37. Qe3 {[#]} e5 $2 (37... Bd5 $1 $19 38. Qxd2 Rc3) 38. Qxd2 $11 Rd8 39. Qe3 e4 40. Nf2 Re8 41. g4 {[#]} (41. Ng4 $11 {keeps the balance.} Bxg4 42. hxg4) 41... Rbc8 $1 $17 42. g5 Rc2 43. h4 (43. Kh2 $17 {only move.}) 43... Rxa2 $2 (43... Re7 $19 44. Qb6 e3) 44. Qd4 $1 $11 Ra6 {...e3 is the strong threat.} 45. Qc4+ Rae6 {White must now prevent ...e3.} 46. Kf1 Kg7 47. Qd4+ $1 Kf7 48. Qd5 Kf8 49. Ke1 Re5 50. Qd4 Kf7 51. Qc4+ Kg7 52. Qd4 Kf7 {And now ...e3 would win.} 53. Qc4+ Kg7 {next ...e3 is good for Black.} 54. Qd4 $1 R8e7 55. Qxb4 h6 56. Nh3 Kh7 57. Qd6 R5e6 (57... hxg5 $1 $11 {remains equal.} 58. Nxg5+ Kg7) 58. Qd8 $16 {[%mdl 1024] aiming for gxh6. White has strong compensation.} Re8 59. Qd7+ (59. Qd5 $16) 59... R6e7 $11 60. Qc6 {Strongly threatening Nf4.} Rf8 {Threatens to win with ...h5.} 61. Qd6 Ref7 $1 62. gxh6 Kxh6 {Threatening ...Bg4.The position is equal.} 63. Ng5 Rf5 64. Qe7 {[%csl Gg5][%cal Re7h7]} Kh5 65. Ne6 R8f7 66. Ng7+ {Precision: White = 65%, Black = 62%.} 1/2-1/2

[Event "80th Tata Steel Challengers 2018"]
[Site "Wijk aan Zee"]
[Date "2018.01.19"]
[Round "6"]
[White "Xiong, Jeffery"]
[Black "Krasenkow, Michal"]
[Result "1/2-1/2"]
[WhiteElo "2634"]
[BlackElo "2671"]
[Annotator "TA"]
[PlyCount "104"]
[EventDate "2018.??.??"]
[EventType "tourn"]
[EventCountry "NED"]
[SourceTitle "playchess.com"]
[Source "ChessBase"]
[SourceQuality "1"]

{[%evp 22,104,0,-2,6,0,23,31,18,26,18,18,19,22,18,0,0,0,0,0,0,-3,57,0,0,0,0,0,2,6,0,6,2,0,0,0,0,0,0,0,0,0,0,-20,0,-6,0,0,0,0,0,0,0,0,0,0,0,0,0,0,0,0,0,0,0,0,8,0,27,22,43,34,40,35,81,0,43,0,4,0,1,0,0,0,0]} 1. d4 Nf6 2. c4 e6 3. Nf3 d5 4. g3 dxc4 5. Bg2 Nc6 6. Qa4 Bb4+ 7. Bd2 Bd6 8. Qxc4 {E04: Open Catalan: 5 Nf3} (8. Bc3 O-O 9. Nbd2 Bd7 10. Qxc4 b5 11. Qxb5 Nb4 12. Qxb4 Bxb4 13. Bxb4 Re8 14. Bc5 Rb8 15. b3 a6 {0-1 (37) Eljanov,P (2765)-Harikrishna,P (2763) Stavanger 2016}) 8... O-O 9. Nc3 e5 10. dxe5 Nxe5 11. Nxe5 Bxe5 12. Rd1 {LiveBook: 3 Games} c6 13. Bf4 Qe7 14. Bxe5 Qxe5 15. Qd4 Qc7 16. O-O Be6 17. b3 $146 ({Predecessor:} 17. Qc5) 17... h6 18. Na4 Rfd8 19. Qc3 Rxd1 20. Rxd1 Rd8 21. Rd4 c5 (21... b6 $11) 22. Rxd8+ ({But not} 22. Qxc5 $2 Rxd4 23. Qxc7 Rd1+ 24. Bf1 Bh3 $19) ({White should try} 22. Nxc5 $14 Rc8 23. Bxb7 Qxb7 24. Rd8+ Rxd8 25. Nxb7 Rd1+ 26. Kg2 Bd5+ 27. f3 Bxb7 {[#]} 28. g4 $1 {[%mdl 512]}) 22... Qxd8 $11 23. Bxb7 Qd1+ 24. Kg2 c4 $132 {[%mdl 2048] [#] Threatens to win with ...Qd7. Black is not keeping still} ({Of course not} 24... Qxe2 $6 25. Nxc5 Bf5 26. a3 $16) 25. Bf3 cxb3 26. axb3 Qxb3 27. Qa5 Qb8 28. Nc5 Bc4 29. Qa4 Bb5 30. Qb3 Qe8 31. Qa2 Qe7 32. Nd3 a6 33. h4 Qd6 34. Nf4 Bc6 35. Qa5 Bxf3+ 36. exf3 g6 37. Kg1 Ne8 38. Nd5 Qe5 39. f4 Qd6 40. Ne3 Nf6 41. Qa1 Ne4 42. Qa4 Nd2 43. h5 Nf3+ 44. Kg2 Nd4 45. hxg6 fxg6 46. Qc4+ Kg7 47. Nd5 Nb5 48. Ne3 ({Better is} 48. Qe4 $16) 48... h5 49. Kg1 {f5 is the strong threat.} Nd4 {The position is equal.} 50. Nd5 Nf5 51. Nc7 Qd1+ 52. Kg2 {aiming for Ne6+.} Nh4+ {Precision: White = 57%, Black = 71%.} 1/2-1/2

[Event "80th Tata Steel Challengers 2018"]
[Site "Wijk aan Zee"]
[Date "2018.01.19"]
[Round "6"]
[White "Gordievsky, Dmitry"]
[Black "Harika, Dronavalli"]
[Result "1/2-1/2"]
[WhiteElo "2622"]
[BlackElo "2497"]
[Annotator "TA"]
[PlyCount "192"]
[EventDate "2018.??.??"]
[EventType "tourn"]
[EventCountry "NED"]
[SourceTitle "playchess.com"]
[Source "ChessBase"]
[SourceQuality "1"]

{[%evp 13,192,13,15,0,13,13,6,10,15,16,24,8,22,31,64,0,0,0,-7,-1,91,46,43,45,42,39,63,56,66,65,66,56,100,100,102,102,93,95,95,81,84,81,120,119,125,120,120,123,120,120,121,123,135,153,154,135,131,131,134,130,143,138,147,149,144,80,80,80,81,66,80,80,80,81,81,81,81,81,81,81,81,81,81,0,81,0,81,73,87,25,25,25,25,25,26,26,26,26,26,26,33,33,40,13,13,0,40,21,21,21,21,21,21,0,21,21,21,21,27,34,34,34,39,41,41,21,330,21,21,21,21,21,21,21,21,21,21,0,0,0,0,0,21,21,21,21,21,21,21,21,21,0,0,0,21,21,21,21,21,0,21,0,0,0,0,0,21,21,21,0,21,0,21,21,21,21,21,21,21,0,0]} 1. Nf3 Nf6 2. g3 d5 3. Bg2 e6 4. O-O Be7 5. d3 O-O 6. Nbd2 Nc6 7. d4 {A07: Barcza-System (Königsfianchetto mit möglichen Übergängen in andere Systeme)} b6 {LiveBook: 3 Partien} (7... a5 8. c3 b6 9. Re1 Bb7 10. e4 dxe4 11. Nxe4 Nxe4 12. Rxe4 Bf6 13. Re1 Ne7 14. Qc2 Bd5 {1-0 (42) Nakamura,H (2780)-Topalov,V (2749) Saint Louis 2017}) 8. c4 Bb7 9. b3 Na5 $146 ({Vorgänger:} 9... Ne4 10. Bb2 f5 11. Rc1 Bf6 12. e3 Ne7 13. Ne5 Rc8 14. cxd5 exd5 15. Nxe4 dxe4 {1-0 (43) Ali,M (2421)-Nguyen,N (2629) Ashkhabad 2017}) 10. cxd5 exd5 11. Bb2 c5 12. Rc1 Rc8 13. Ne5 Bd6 14. e3 (14. dxc5 $14 bxc5 15. Nd3) 14... Qe7 $11 15. Ng4 Nxg4 16. Qxg4 Qe6 (16... c4 $11) 17. Qxe6 (17. Qh5 {seems wilder.} g6 18. Qh6 Qf6 19. Bc3 cxd4 20. Bxd4 Be5 21. Bxe5 Qxe5 22. Nf3) 17... fxe6 18. Bh3 $36 {[%mdl 2048] Weiss steht aktiver.} Rfe8 19. dxc5 bxc5 20. Rfd1 {Se4! ist eine echte Drohung.} Bf8 21. Nf3 {[%cal Bd2f3,Bf3e5,Be5d3][%mdl 32] Und Sg5 würde nun gewinnen.} Nc6 22. Ba3 Nd8 23. Ne5 $1 Rc7 24. Nd3 {[%cal Ra3c5]} c4 25. Bxf8 Kxf8 26. bxc4 dxc4 27. Ne5 Bd5 28. Bg2 Nf7 29. Nxf7 $1 ({Doch nicht} 29. Bxd5 $6 Nxe5 30. Be4 c3 $11) 29... Kxf7 30. Bxd5 exd5 31. Rxd5 $16 {[%mdl 4096] Endspiel KTT-KTT} c3 {[#]} 32. Rc2 $1 Ke6 33. Rd3 Rec8 34. Kf1 g5 35. Rd4 h5 36. h3 Rc5 37. Ke2 a6 38. Kd3 a5 39. f4 (39. Re4+ $142 Kf7 40. g4) 39... gxf4 40. gxf4 h4 41. f5+ Rxf5 42. Rxh4 Rd5+ 43. Rd4 Rdc5 44. Re4+ Kd7 45. h4 Kd6 46. Rg4 Ke6 47. Rg6+ Ke7 48. Rg4 Ke6 49. Re4+ Kd6 50. Rd4+ Ke6 51. h5 (51. a3 $16) 51... Rxh5 $11 52. Rxc3 Rxc3+ 53. Kxc3 {KT-KT} Rh3 54. Kd3 Rh2 55. Ra4 Rh5 56. Rg4 Kd6 57. Rc4 Rh2 58. Rc2 Rh4 59. Rc4 Rh2 60. a3 Rb2 61. Kd4 Rd2+ 62. Kc3 Rh2 63. Kd3 Rb2 64. Ra4 Rb5 65. Rd4+ Ke6 66. Kc4 Rb1 67. Kc3 Rb5 68. Rh4 Kd6 $1 69. a4 Re5 $2 {[%mdl 8192] [#]} (69... Rc5+ $1 $11 70. Kd4 Rd5+ 71. Kc4 Rc5+ 72. Kd4 Rd5+ 73. Kc4 Rc5+ 74. Kd3 Rg5) 70. Kd4 $2 ({Der einzige Zug:} 70. Rd4+ $1 $18 Kc6 71. e4) 70... Rd5+ {Die Stellung ist ausgeglichen.} 71. Kc4 {Droht Matt per Th6+.} Rc5+ $1 72. Kd3 {Und weiter mit e4 wäre nett.} Rg5 73. Rd4+ Kc5 $1 74. Rc4+ Kd6 $1 75. Kd4 Rg1 76. Ke4 Rg4+ 77. Kd3 Rg1 78. Rd4+ Kc5 79. Rh4 Ra1 80. Rc4+ Kd5 81. Rd4+ Ke5 82. Rh4 {Schwarz muss nun Th5+ beachten.} Ra3+ 83. Ke2 Kd6 84. Kf3 Kc5 85. Rd4 Ra1 86. Kf4 Rh1 87. Ke5 Rh5+ 88. Ke6 Rh6+ 89. Kf5 Rh5+ 90. Kg4 Rh8 91. Rf4 Rb8 92. Kf5 Rf8+ 93. Ke4 Rd8 94. Kf3 Rd3 95. Ke2 Rd8 96. e4 Rd4 {Precision: Weiß = 58%, Schwarz = 63%.} 1/2-1/2

[Event "80th Tata Steel Challengers 2018"]
[Site "Wijk aan Zee"]
[Date "2018.01.19"]
[Round "6"]
[White "Bok, Benjamin"]
[Black "Vidit, Santosh Gujrathi"]
[Result "1/2-1/2"]
[WhiteElo "2607"]
[BlackElo "2718"]
[Annotator "TA"]
[PlyCount "61"]
[EventDate "2018.??.??"]
[EventType "tourn"]
[EventCountry "NED"]
[SourceTitle "playchess.com"]
[Source "ChessBase"]
[SourceQuality "1"]

{[%evp 13,61,11,16,9,0,3,12,21,33,17,31,21,25,21,17,17,21,26,16,16,12,16,17,12,12,9,18,29,19,8,14,4,6,6,10,0,0,0,0,0,0,0,6,2,3,4,8,0,0,0]} 1. d4 Nf6 2. c4 e6 3. g3 Bb4+ 4. Nd2 c5 5. a3 Bxd2+ 6. Qxd2 cxd4 7. Nf3 b6 {LiveBook: 44 Games} 8. b4 {E00: Catalan Bogo-Indian (3 g3 Bb4+)} Bb7 9. Qxd4 d5 $146 ({Find the theoretical novelty and annotate with similar games:} 9... Nc6 10. Qf4 d6 11. Bb2 e5 12. Qd2 a5 13. b5 Ne7 14. Bg2 Qc7 15. O-O O-O {½-½ (121) Bluebaum,M (2642)-Andreikin,D (2712) Dortmund 2017}) 10. Bb2 dxc4 11. Qxc4 Nbd7 12. Bg2 Rc8 13. Qb3 Bd5 14. Qa4 O-O 15. O-O Qc7 16. Rfc1 Qb7 17. Qd1 b5 18. Rxc8 Rxc8 19. Rc1 a6 20. Rxc8+ Qxc8 21. Bf1 {The position is equal.} Ne4 22. Nd2 Nxd2 23. Qxd2 f6 24. Qc1 (24. Bd4 {NOTEXT} Qc6 25. Bh3 h6 26. f3 e5 27. Be3) 24... Qxc1 25. Bxc1 $11 {[%mdl 4096] Endgame KBB-KBN} Nb6 26. f3 f5 27. Kf2 Nc4 28. a4 bxa4 {[#] Strongly threatening ...a3.} 29. e4 $1 {[%cal Re4d5][%mdl 512]} a3 (29... fxe4 30. fxe4) 30. Bxc4 Bxc4 31. Bxa3 {Precision: White = 65%, Black = 78%.} 1/2-1/2

[Event "80th Tata Steel Challengers 2018"]
[Site "Wijk aan Zee"]
[Date "2018.01.19"]
[Round "6"]
[White "Girya, Olga"]
[Black "Van Foreest, Jorden"]
[Result "1/2-1/2"]
[WhiteElo "2489"]
[BlackElo "2629"]
[Annotator "TA"]
[PlyCount "51"]
[EventDate "2018.??.??"]
[EventType "tourn"]
[EventCountry "NED"]
[SourceTitle "playchess.com"]
[Source "ChessBase"]
[SourceQuality "1"]

{[%evp 9,51,31,26,33,32,21,36,28,34,6,16,0,0,0,11,0,0,0,0,0,0,0,5,0,0,0,0,0,0,0,0,0,0,0,0,0,0,0,0,0,0,0,0,0]} 1. d4 e6 2. c4 b6 3. e4 Bb4+ 4. Bd2 Bxd2+ 5. Qxd2 d5 6. Bd3 {C01: French: Exchange Variation} Ba6 $146 ({Predecessor:} 6... Nc6 7. Ne2 dxe4 8. Bxe4 Bb7 9. Nbc3 Nf6 10. Bf3 O-O 11. O-O {½-½ (52) Gelfand,B (2719)-Rapport,R (2692) Palma de Mallorca 2017}) 7. cxd5 {Bxa6 is the strong threat.} Bxd3 8. Qxd3 {aiming for dxe6.White is slightly better.} exd5 9. Qg3 {White wants to play Nc3.} dxe4 {The position is equal.} 10. Qxg7 Qf6 11. Qg4 Nc6 12. Nc3 Qg6 13. Qxe4+ Qxe4+ 14. Nxe4 Nxd4 {[#] Strongly threatening ...Nc2+.} 15. O-O-O O-O-O 16. Nh3 h6 17. Rhe1 Ne7 18. Nf4 Ng6 19. Nxg6 fxg6 20. Nc3 Rd7 21. Ne2 Ne6 22. Rxd7 Kxd7 23. Rd1+ Ke7 24. Nd4 Nxd4 25. Rxd4 c5 26. Re4+ {Precision: White = 63%, Black = 100%.} 1/2-1/2

[Event "80th Tata Steel Challengers 2018"]
[Site "Wijk aan Zee"]
[Date "2018.01.19"]
[Round "6"]
[White "Van Foreest, Lucas"]
[Black "L'Ami, Erwin"]
[Result "1/2-1/2"]
[WhiteElo "2481"]
[BlackElo "2634"]
[Annotator "TA"]
[PlyCount "88"]
[EventDate "2018.??.??"]
[EventType "tourn"]
[EventCountry "NED"]
[SourceTitle "playchess.com"]
[Source "ChessBase"]
[SourceQuality "1"]

{[%evp 9,88,26,25,1,30,0,13,7,0,5,4,7,7,1,12,17,26,27,28,6,14,4,13,16,14,0,0,0,0,-14,0,0,0,0,0,0,0,0,0,-100,-114,-123,-77,-108,-95,-120,-99,-101,0,0,0,0,0,0,0,0,0,0,0,0,0,0,0,0,0,0,0,0,0,0,0,0,0,0,0,0,0,0,0,0,0]} 1. e4 e5 2. Nf3 Nc6 3. Bb5 Nf6 4. d3 Bc5 5. Bxc6 dxc6 6. Bg5 {C65: Ruy Lopez: Berlin Defence (3...Nf6), unusual lines and 4 0-0 Bc5} (6. O-O {with more complications.} Bd6 7. h3 Be6 8. Ng5 Bd7 9. Nd2) (6. Nc3 O-O 7. Be3 Bd6 8. Bg5 Re8 9. h3 c5 10. Nd5 Be7 11. Nxe7+ Qxe7 12. O-O h6 13. Be3 Nd7 14. Nd2 {1-0 (29) Carlsen,M (2837)-Karjakin,S (2760) Riadh 2017}) 6... Be7 (6... Be6 {keeps more tension.} 7. O-O Qd6 8. Bd2 O-O 9. a3 a5) 7. Nxe5 Nxe4 $1 8. Bxe7 Qxe7 9. dxe4 Qxe5 10. Nc3 O-O $146 ({Predecessor:} 10... Be6 11. O-O Qc5 12. Qd2 O-O 13. Rad1 a5 {0-1 (33) Cicak,S (2512)-Goganov,A (2571) Sweden 2017}) 11. Qd2 f5 12. f4 Qe7 13. e5 Be6 14. O-O Rfd8 15. Qe3 Qb4 16. b3 Qb6 17. Qxb6 axb6 18. Rfd1 b5 19. Kf2 b4 20. Rxd8+ Rxd8 $11 {[%mdl 4096] Endgame KRB-KRN} 21. Rd1 Ra8 22. Na4 $1 Kf7 23. Ke3 b6 24. Rd3 (24. c3 $11 {remains equal.}) 24... c5 $17 {[%cal Bc6c5,Bc5c4][%mdl 32]} 25. Rd1 c4 26. Rb1 Ke7 27. g3 Ra6 28. c3 {[#]} bxc3 (28... c5 $1 $17) 29. Nxc3 $11 {The position is equal.} Ra3 {[%cal Rc4b3]} 30. Nb5 Rxa2 31. Nxc7 cxb3 {And now ...Bg8 would win.} 32. Nxe6 Kxe6 33. Rxb3 Rxh2 34. Rxb6+ {KR-KR} Kf7 35. Rb7+ Kg6 36. Rb3 h5 37. Rb6+ Kf7 38. Rb7+ Kg6 39. e6 Rh1 40. Kf2 Ra1 41. e7 Ra8 42. Kg2 $1 Ra2+ 43. Kf3 Ra3+ 44. Kg2 Ra2+ {Precision: White = 64%, Black = 81%.} 1/2-1/2

[Event "80th Tata Steel Challengers 2018"]
[Site "Wijk aan Zee"]
[Date "2018.01.20"]
[Round "7"]
[White "Vidit, Santosh Gujrathi"]
[Black "Van Foreest, Lucas"]
[Result "1/2-1/2"]
[WhiteElo "2718"]
[BlackElo "2481"]
[Annotator "TA"]
[PlyCount "71"]
[EventDate "2018.??.??"]
[EventType "tourn"]
[EventCountry "NED"]
[SourceTitle "playchess.com"]
[Source "ChessBase"]
[SourceQuality "1"]

{[%evp 12,71,20,30,61,0,0,0,0,0,0,0,0,0,0,4,39,31,62,13,13,0,15,14,14,14,14,14,14,0,8,6,12,11,12,8,11,0,0,0,0,0,2,2,7,7,7,7,7,7,7,7,7,0,14,0,0,0,0,0,6,6]} 1. c4 Nf6 2. Nc3 e6 3. e4 d5 4. cxd5 exd5 5. e5 Ne4 6. Nf3 Nc6 7. Bb5 {LiveBook: 35 Games} Bb4 $146 {A18: English Opening: Flohr-Mikenas System (1 c4 Nf6 2 Nc3 e6 3 e4)} ({Predecessor:} 7... Be7 8. O-O O-O 9. d4 Bf5 10. Be3 Nxc3 11. bxc3 Na5 12. Nd2 Rc8 13. f4 c5 14. g4 Bd7 15. Bxd7 Qxd7 {½-½ (66) Gelfand,B (2697)-Oparin,G (2602) Moscow 2017}) 8. Qa4 (8. Ne2 $14) 8... O-O $11 9. Bxc6 Nc5 10. Qc2 ({Not} 10. Qb5 $2 bxc6 11. Qxc6 Bb7 $19) 10... bxc6 11. d4 Ne6 12. O-O c5 13. Rd1 cxd4 14. Nxd4 Bb7 15. Nxe6 fxe6 {[#]The position is equal.} 16. Ne4 $1 {[%mdl 512] Threatens to win with Ng5.} Qe7 (16... dxe4 17. Rxd8) 17. Bg5 Qf7 18. a3 Bxa3 19. Rxa3 dxe4 20. Be3 a6 21. Rc3 Rfc8 22. Rc1 h6 23. h3 Rab8 24. Qa4 Bd5 25. Qxa6 c6 26. Qe2 Rb7 27. Ra3 Rcb8 28. Rc2 Rb3 29. Rxb3 Rxb3 30. Rc3 Qb7 31. Rxb3 Qxb3 32. h4 Qb5 33. Qd2 Qb7 34. Qe2 Qf7 35. Qg4 Qf5 36. Qxf5 {Precision: White = 63%, Black = 64%.} 1/2-1/2

[Event "80th Tata Steel Challengers 2018"]
[Site "Wijk aan Zee"]
[Date "2018.01.20"]
[Round "7"]
[White "Amin, Bassem"]
[Black "Xiong, Jeffery"]
[Result "1/2-1/2"]
[WhiteElo "2693"]
[BlackElo "2634"]
[Annotator "TA"]
[PlyCount "37"]
[EventDate "2018.??.??"]
[EventType "tourn"]
[EventCountry "NED"]
[SourceTitle "playchess.com"]
[Source "ChessBase"]
[SourceQuality "1"]

{[%evp 19,37,22,18,-9,2,-15,37,29,27,0,0,0,0,0,3,0,-12,-4,48,34]} 1. e4 c5 2. Nf3 d6 3. d4 Nf6 4. Nc3 cxd4 5. Nxd4 a6 6. Bg5 {[%cal Bc1g5,Bg5h4,Bh4g3][%mdl 32]} Nbd7 7. Qe2 {B94: Sicilian Najdorf: 6 Bg5 Nbd7} h6 8. Bh4 (8. Bxf6 Nxf6 9. O-O-O Qc7 10. Kb1 g6 11. h4 h5 12. g3 Bg4 13. f3 Bd7 14. Bh3 Bxh3 15. Rxh3 {0-1 (55) Jobava,B (2690)-Svidler,P (2765) Riadh 2017}) 8... g6 9. O-O-O e5 10. Nb3 Be7 {LiveBook: 28 Games} 11. Bg3 Qc7 $146 ({Predecessor:} 11... b5 12. Kb1 Qc7 13. f4 Kf8 14. fxe5 dxe5 {0-1 (38) Wagner,B (2043)-Wachinger,N (2032) Willingen 2017}) 12. f4 Nb6 (12... b5 $11) 13. Qf2 Be6 14. f5 gxf5 15. exf5 Bd7 16. Be2 Rc8 {[#] Hoping for ...Nbd5!} 17. Kb1 Rg8 18. Rhe1 Bc6 ({Better is} 18... Rg5 $11) 19. Bf3 {Precision: White = 31%, Black = 42%.} 1/2-1/2

[Event "80th Tata Steel Challengers 2018"]
[Site "Wijk aan Zee"]
[Date "2018.01.20"]
[Round "7"]
[White "Krasenkow, Michal"]
[Black "Korobov, Anton"]
[Result "1/2-1/2"]
[WhiteElo "2671"]
[BlackElo "2652"]
[Annotator "TA"]
[PlyCount "60"]
[EventDate "2018.??.??"]
[EventType "tourn"]
[EventCountry "NED"]
[SourceTitle "playchess.com"]
[Source "ChessBase"]
[SourceQuality "1"]

{[%evp 14,60,29,36,26,2,31,33,26,30,39,35,54,39,43,37,39,32,38,37,26,18,22,25,19,27,24,12,14,18,14,13,14,8,8,16,11,0,0,0,4,4,6,5,7,0,0,0,16]} 1. d4 Nf6 2. c4 e6 3. Nf3 Bb4+ 4. Bd2 Qe7 5. g3 Bxd2+ 6. Qxd2 d5 7. Bg2 O-O 8. O-O Rd8 {E11: Bogo-Indian} (8... c6 9. Rc1 Nbd7 10. Qe3 Re8 11. Na3 e5 12. dxe5 Nxe5 13. Nxe5 Qxe5 14. Qxe5 Rxe5 15. cxd5 Nxd5 16. e4 Nb6 17. Nc2 Kf8 18. Nb4 Re7 {1-0 (60) Yilmaz,M (2633)-Kiriakov,P (2543) Beirut 2017}) 9. Na3 c6 10. Rac1 Nbd7 {White is slightly better.} 11. Rfd1 a5 $146 ({Predecessor:} 11... Nf8 12. Ne5 {½-½ (12) Antic,D (2491)-Pavlovic,M (2481) Subotica 2000}) 12. Ne5 Nf8 13. Nb1 Ne8 14. Qc2 f6 15. Nf3 Nd6 16. Nbd2 Bd7 17. e4 dxe4 18. Nxe4 Nxe4 19. Qxe4 Be8 20. d5 cxd5 {The position is equal.} 21. cxd5 Qb4 22. Qxb4 axb4 23. dxe6 Rxd1+ 24. Rxd1 {[#] And now Nd4 would win.} Nxe6 25. Rd6 Nc5 26. Nd4 Bf7 27. Nc2 Bxa2 28. Nxb4 Bc4 {[#] Threatens to win with ...Ra1+.} 29. Bd5+ Bxd5 30. Nxd5 Kf8 {Precision: White = 47%, Black = 56%.} 1/2-1/2